000 00465nam a2200145 i 4500
001 145749
003 ES-MaACL
007 t|
008 071016s1974 gw ||||1| ger d
245 0 0 _aDie neue Verfassung der DDR /
_cmit e. einleitenden Kommentar von Dietrich Müller-Römer.
260 _aKöln :
_bVerlag Wissenschaft u. Politik,
_c[1974]
300 _a110 p. ;
_c19 cm.
700 1 _aMüller-Römer, Dietrich.
_984151
852 _aES-MaACL
_jE-7789
_bR.92012
999 _c145749
_d145749